Supreme audit institutions and good governance oversight, insight and foresight
Na minha lista:
| Formato: | Livro |
|---|---|
| Idioma: | inglês |
| Publicado em: |
Paris
OECD
2016
|
| Colecção: | OECD public governance reviews
|
| Assuntos: | |
| Tags: |
Sem tags, seja o primeiro a adicionar uma tag!
|
MARC
| LEADER | 00000nam a2200000 4500 | ||
|---|---|---|---|
| 001 | 0228961 | ||
| 005 | 20240314123529.1 | ||
| 020 | |a 978-92-64-26386-4 | ||
| 041 | 0 | |a eng | |
| 044 | |a FR | ||
| 245 | 1 | 0 | |a Supreme audit institutions and good governance |b oversight, insight and foresight |
| 264 | 1 | |a Paris |b OECD |c 2016 | |
| 300 | |a 155 s. | ||
| 490 | 1 | |a OECD public governance reviews | |
| 830 | 0 | |a OECD public governance reviews | |
| 610 | 2 | 0 | |a správa štátna |
| 610 | 2 | 0 | |a správa verejná |
| 610 | 2 | 0 | |a audit |
| 610 | 2 | 0 | |a rozpočtovanie |
| 610 | 2 | 0 | |a riadenie rizík |